000 00491nam a2200181 a 4500
001 4488
003 CO-ViMGA
008 141112s2004 ck r 000 u spa d
040 _aCO-ViMGA
_bspa
_cCO-ViMGA
082 _aPELj
100 1 _aPellicer López, Carlos
_94012
245 1 0 _aJulieta y su caja de colores
260 _aMexico :
_bFondo de Cultura Económica,
_c1993
300 _a32 p : il
490 _aA la orilla del viento
650 1 4 _aCUENTOS INFANTILES
_92743
942 _2ddc
_cBK
999 _c11341
_d11341